000 00224 a2200097 4500
000 nam a22 7a 4500
005 20260211172241.0
100 _aLandau, L.D.;Lifshiz, E.M.
_91115395
245 _aMechanics
942 _cTEXL
999 _c1679419
_d1679419